000 01143cab a2200301 4500
001 WB2832-84
008 090401t1992 xxu||||| |||| 00| 0 eng d
035 _a(Sirsi) u1327
041 _aeng
245 _aMotorway services
260 _c1992
350 _a0
490 _aIndependent
_v6 August 1992, 3
490 _aFinancial Times
_v7 August 1992, 14
490 _aDepartment of Transport Press Notice
_v6 August 1992 (11)
520 _aThe private sector will be able to seek planning permission and acquire sites for motorway services following deregulation of the planning procedure. Previously the DTp selected sites, acquired them and let them to private companies providing facilities.
650 _aCompulsory purchase
_96228
650 _aCOUNCIL FOR THE PROTECTION OF RURAL ENGLAND
650 _aMOTORWAY SERVICE AREAS
650 _aMOTORWAYS
650 _aPLANNING PERMISSION
650 _aPROPERTY-INFRASTRUCTURE-TRANSPORT INFRASTRUCTURE-ROAD INFRASTRUCTURE
650 _aSERVICE STATIONS
690 _aPLANNING LAW AND PRACTICE
690 _aTRANSPORT AND COMMUNICATIONS
942 _n0
948 _c04/03/1997
999 _c727
_d727